Statistiken für Städte mit hohen Wolkenkratzern

Klicken Sie hier um das Quiz zu spielen!

Allgemein

  • Dieses Quiz wurde 1,344 mal gespielt
  • Das Durchschnittsergebnis liegt bei 11 aus 27

Antwortstatistiken

Höhe (m) Höchstes Gebäude Stadt % Korrekt
541One World Trade CenterNew York City
97%
828Burj KhalifaDubai
95%
528China ZunPeking
86%
632-------- TowerShanghai
81%
442Willis TowerChicago
75%
484International Commerce
Centre
Hongkong
70%
381Burj Mohammed bin RashidAbu Dhabi
70%
450Petronas TowersKuala Lumpur
67%
374Federation TowerMoskau
54%
508------ 101Taipei
53%
385Capital Market Authority
Headquarters
Riad
53%
555Lotte World TowerSeoul
47%
530CTF Finance CentreGuangzhou
38%
601Abraj Al Bait TowersMekka
33%
413Al Hamra TowerKuwait-Stadt
33%
599Pingan International Finance CenterShenzhen
26%
462Lakhta CenterSt. Petersburg
24%
350---- Glory International Financial CenterXi'an
19%
597Goldin Finance 117Tianjin
17%
438----- CenterWuhan
16%
461Vincom Landmark 81Ho-Chi-Minh-Stadt
15%
450Zifeng TowerNanjing
12%
383Eton Place ------ Tower 1Dalian
7%
351Forum 66Shenyang
7%
452-------- IFS Tower T1Changsha
6%
450------ IFSSuzhou
4%
381Logan Century Center 1Nanning
4%

Verteilung der Resultate

Perzentil nach korrekt beantworteten Fragen

Anzahl Personen mit jedem Resultat

Ihre Resultats-Entwicklung

Sie haben dieses Quiz noch nicht gespielt